[Event "NED-ch U17"]
[Site "Haarlem"]
[Date "2011.05.05"]
[Round "6"]
[White "Lentjes, Noud"]
[Black "Bekker, Michael"]
[Result "0-1"]
[WhiteElo "1926"]
[BlackElo "1794"]
[PlyCount "114"]
[EventDate "2011.04.30"]
[EventType "swiss"]
[EventRounds "9"]
[EventCountry "NED"]
[SourceTitle "EXT 2012"]
[Source "ChessBase"]
[SourceDate "2011.11.24"]
[SourceVersion "1"]
[SourceVersionDate "2011.11.24"]
[SourceQuality "1"]

1. e4 e6 2. d4 d5 3. Nc3 Nf6 4. e5 Nfd7 5. f4 c5 6. Nf3 Nc6 7. Be3 a6 8. Qd2 b5 9. h4 c4 10. Ne2 b4 11. Ng3 Nb6 12. Qf2 a5 13. Be2 a4 14. 0-0 g6 15. Ng5 h6 16. Nxf7 Kxf7 17. h5 Ne7 18. hxg6+ Kg8 19. Nh5 Bg7 20. g4 Qe8 21. f5 exf5 22. Nf6+ Bxf6 23. exf6 Nxg6 24. gxf5 Bxf5 25. f7+ Qxf7 26. Qxf5 Qxf5 27. Rxf5 Re8 28. Kf2 Rf8 29. Rxf8+ Kxf8 30. Bh5 Kg7 31. Rg1 Rf8+ 32. Ke2 Rf6 33. Kd2 Kh7 34. Be2 Nh4 35. Rh1 Nf5 36. Rf1 Nd7 37. Bf2 Nd6 38. Bh4 Ne4+ 39. Ke3 Rxf1 40. Bxf1 Nef6 41. Be1 b3 42. cxb3 cxb3 43. axb3 axb3 44. Kf4 Nb6 45. Bb5 h5 46. Ke5 Ng4+ 47. Kd6 Ne3 48. Kc5 Nbc4 49. Bc3 Nd1 50. Bxc4 dxc4 51. Kxc4 Nxc3 52. Kxc3 h4 53. d5 Kg7 54. Kc4 h3 55. Kc5 h2 56. d6 h1Q 57. d7 Qa8 0-1

[Event "Leiden LCT op-B 4th"]
[Site "Leiden"]
[Date "2010.07.16"]
[Round "7"]
[White "Van der Zon, Stef"]
[Black "Bekker, Michael"]
[Result "1-0"]
[WhiteElo "1691"]
[BlackElo "1651"]
[PlyCount "85"]
[EventDate "2010.07.07"]
[EventType "swiss"]
[EventRounds "9"]
[EventCountry "NED"]
[SourceTitle "EXT 2011"]
[Source "ChessBase"]
[SourceDate "2010.11.26"]
[SourceVersion "1"]
[SourceVersionDate "2010.11.26"]
[SourceQuality "1"]

1. e4 c5 2. Nf3 e6 3. d4 cxd4 4. Nxd4 a6 5. c4 d6 6. Nc3 Nf6 7. Bd3 b6 8. 0-0 Bb7 9. Re1 Qc7 10. Qe2 Nbd7 11. f4 Rc8 12. Nb3 Nc5 13. Nxc5 Qxc5+ 14. Be3 Qc7 15. Bd4 e5 16. Be3 Be7 17. Nd5 Nxd5 18. cxd5 b5 19. Rec1 Qd7 20. Rxc8+ Bxc8 21. Rc1 0-0 22. Qc2 exf4 23. Bxf4 Qg4 24. Be3 f5 25. exf5 Bxf5 26. Rf1 Bxd3 27. Rxf8+ Bxf8 28. Qxd3 Qb4 29. Qd2 Qxd2 30. Bxd2 Kf7 31. Kf2 Kf6 32. Bc3+ Kf5 33. Kf3 g5 34. g4+ Kg6 35. Ke4 Be7 36. b3 Bd8 37. h3 a5 38. Bd4 b4 39. Kd3 Bc7 40. Kc4 Bd8 41. Kb5 Bf6 42. Bb6 Bc3 43. Kc6 1-0

[Event "Spijkenisse op"]
[Site "Spijkenisse"]
[Date "2010.05.14"]
[Round "1"]
[White "Bekker, Michael"]
[Black "De Lange, Steyn"]
[Result "1-0"]
[WhiteElo "1623"]
[BlackElo "1109"]
[PlyCount "67"]
[EventDate "2010.05.14"]
[EventType "swiss"]
[EventRounds "6"]
[EventCountry "NED"]
[SourceTitle "CBM 136 Extra"]
[Source "ChessBase"]
[SourceDate "2010.07.02"]
[SourceVersion "2"]
[SourceVersionDate "2010.07.15"]
[SourceQuality "1"]

1. d4 d5 2. c4 e6 3. Nf3 Nf6 4. g3 c5 5. Bg2 cxd4 6. Nxd4 Bc5 7. Nb3 Bb4+ 8. Bd2 dxc4 9. Bxb4 Qxd1+ 10. Kxd1 cxb3 11. axb3 Nd5 12. Bc5 Bd7 13. Nd2 Bc6 14. e4 Nf6 15. Nc4 Na6 16. Nd6+ Kd7 17. b4 Ng4 18. Ke2 f5 19. Rhd1 fxe4 20. Nf7+ Kc7 21. Bd6+ Kb6 22. Nxh8 Bb5+ 23. Ke1 Rxh8 24. Bxe4 Nxh2 25. Rac1 Ng4 26. b3 Nf6 27. Bg2 Ne8 28. Be7 Nec7 29. Rd6+ Bc6 30. Bxc6 bxc6 31. Rdxc6+ Kb7 32. Bd6 Rc8 33. b5 Nb4 34. Rxc7+ 1-0

[Event "Delft Prinsenstad op-C"]
[Site "Delft"]
[Date "2010.04.03"]
[Round "3"]
[White "Bekker, Michael"]
[Black "Damen, Jip"]
[Result "0-1"]
[WhiteElo "1442"]
[BlackElo "1592"]
[PlyCount "88"]
[EventDate "2010.04.02"]
[EventType "swiss"]
[EventRounds "6"]
[EventCountry "NED"]
[SourceTitle "EXT 2013"]
[Source "ChessBase"]
[SourceDate "2012.11.22"]
[SourceVersion "1"]
[SourceVersionDate "2012.11.22"]
[SourceQuality "1"]

1. e4 e6 2. d4 d5 3. e5 c5 4. c3 Nc6 5. Nf3 Qb6 6. Bd3 Nh6 7. a3 cxd4 8. cxd4 Nf5 9. Bxf5 exf5 10. Nc3 Be6 11. 0-0 h6 12. b4 g5 13. b5 Na5 14. Qd3 Rc8 15. Na4 Qc7 16. Bd2 Qc4 17. Qxc4 Nxc4 18. Bc3 Bxa3 19. Nd2 Be7 20. Rfc1 0-0 21. Nxc4 Rxc4 22. Nb2 Rc7 23. Nd3 Rfc8 24. Bb2 Rxc1+ 25. Bxc1 Rc3 26. Ne1 a6 27. bxa6 bxa6 28. Kf1 Bd7 29. Ke2 Bb5+ 30. Kd2 Bb4 31. Kd1 Rc4 32. Bb2 Bxe1 33. Kxe1 Rc2 34. Ba3 Re2+ 35. Kd1 Rxf2 36. Rc1 Rxg2 37. Rc8+ Kh7 38. Rc7 Kg6 39. Rb7 f4 40. Rb6+ Kf5 41. Rf6+ Ke4 42. Rxf7 f3 43. e6 f2 44. e7 Rg1+ 0-1

[Event "NED-ch U13"]
[Site "Rijswijk"]
[Date "2008.05.03"]
[Round "7"]
[White "Mostertman, Olav"]
[Black "Bekker, Michael"]
[Result "1-0"]
[WhiteElo "1164"]
[BlackElo "1099"]
[PlyCount "107"]
[EventDate "2008.05.01"]
[EventType "swiss"]
[EventRounds "9"]
[EventCountry "NED"]
[SourceTitle "EXT 2010"]
[Source "ChessBase"]
[SourceDate "2010.11.25"]
[SourceVersion "1"]
[SourceVersionDate "2010.11.25"]
[SourceQuality "1"]

1. e4 d5 2. exd5 Nf6 3. d4 Nxd5 4. Nf3 Nc6 5. Bc4 Nb6 6. Bb3 e5 7. Nxe5 Nxe5 8. dxe5 Qxd1+ 9. Kxd1 Be6 10. Bxe6 fxe6 11. Ke2 0-0-0 12. Nc3 Nc4 13. b3 Nxe5 14. Bf4 Bd6 15. Rad1 Rhf8 16. Bg3 Rf5 17. Rhe1 Bb4 18. Rxd8+ Kxd8 19. Rd1+ Kc8 20. Nb5 Bc5 21. Bh4 g5 22. Bg3 h5 23. h4 g4 24. Rf1 a6 25. Nc3 Bb4 26. Ne4 Nc6 27. f3 gxf3+ 28. gxf3 Nd4+ 29. Ke3 Nxc2+ 30. Kd3 Na3 31. Ng5 Rd5+ 32. Ke4 Kd7 33. Rc1 Nb5 34. a4 Rd4+ 35. Ke5 Bd6+ 36. Kf6 Bxg3 37. axb5 axb5 38. Nxe6 Bxh4+ 39. Kf7 Rf4+ 40. Nxf4 Bg5 41. Rd1+ Kc8 42. Nxh5 c5 43. f4 Bh4 44. f5 c4 45. Rc1 Bf2 46. bxc4 b4 47. Rb1 Bc5 48. Nf6 Kd8 49. Nd5 Kd7 50. Nxb4 Bxb4 51. Rxb4 Kc6 52. Rxb7 Kxb7 53. Ke7 Kc6 54. f6 1-0

[Event "NED-ch U13"]
[Site "Rijswijk"]
[Date "2008.05.02"]
[Round "6"]
[White "Bekker, Michael"]
[Black "Bril, Paco"]
[Result "1-0"]
[WhiteElo "1099"]
[BlackElo "972"]
[PlyCount "55"]
[EventDate "2008.05.01"]
[EventType "swiss"]
[EventRounds "9"]
[EventCountry "NED"]
[SourceTitle "EXT 2010"]
[Source "ChessBase"]
[SourceDate "2010.11.25"]
[SourceVersion "1"]
[SourceVersionDate "2010.11.25"]
[SourceQuality "1"]

1. c4 e5 2. g3 Nf6 3. Nc3 Bc5 4. Bg2 0-0 5. d3 Nc6 6. Nf3 d6 7. 0-0 Bg4 8. Bg5 h6 9. Bxf6 Qxf6 10. Nd5 Qe6 11. Nxc7 Qd7 12. Nxa8 Rxa8 13. a3 a6 14. b4 Ba7 15. c5 dxc5 16. bxc5 Bxc5 17. Qc1 Bd4 18. Nxd4 Nxd4 19. Qb2 Nxe2+ 20. Kh1 Nd4 21. Qxb7 Qxb7 22. Bxb7 Rb8 23. Bxa6 Bf3+ 24. Kg1 Be2 25. Rfb1 Rf8 26. Rb2 g6 27. Rab1 Nc6 28. Rxe2 1-0

[Event "NED-ch U13"]
[Site "Rijswijk"]
[Date "2008.05.02"]
[Round "4"]
[White "Bekker, Michael"]
[Black "Haver, Bas"]
[Result "1-0"]
[WhiteElo "1099"]
[BlackElo "1498"]
[PlyCount "77"]
[EventDate "2008.05.01"]
[EventType "swiss"]
[EventRounds "9"]
[EventCountry "NED"]
[SourceTitle "EXT 2010"]
[Source "ChessBase"]
[SourceDate "2010.11.25"]
[SourceVersion "1"]
[SourceVersionDate "2010.11.25"]
[SourceQuality "1"]

1. c4 e5 2. g3 Nf6 3. Bg2 Bc5 4. Nc3 c6 5. d3 h6 6. Nf3 d6 7. 0-0 Bf5 8. Re1 Ng4 9. e3 Nf6 10. d4 Bb4 11. dxe5 Ng4 12. exd6 Qxd6 13. e4 Be6 14. Qxd6 Bxd6 15. Rd1 Bc5 16. Nd4 Bxc4 17. Bh3 Ne5 18. Kg2 Nd3 19. Nce2 0-0 20. b3 Ba6 21. e5 Nxe5 22. Nf4 Rd8 23. Bb2 Ng6 24. Nxg6 fxg6 25. Ne6 Rxd1 26. Rxd1 Bb6 27. Nxg7 c5 28. Re1 Bb5 29. Ne8 Bc6+ 30. Kg1 Nd7 31. Bxd7 Bxd7 32. Nf6+ Kf7 33. Nxd7 g5 34. Bf6 Ba5 35. Re7+ Kg6 36. g4 Rg8 37. h4 gxh4 38. Bxh4 Bc3 39. f4 1-0